Awaz / (Record no. 609893)

000 -LEADER
fixed length control field 00325nam a22001337a 4500
082 ## - DEWEY DECIMAL CLASSIFICATION NUMBER
Classification number 891.4393
Author Mark MOE
100 ## - MAIN ENTRY--PERSONAL NAME
Personal name Moeen, Ali
245 ## - TITLE STATEMENT
Title Awaz /
Statement of responsibility, etc. Ali Moeen
260 ## - PUBLICATION, DISTRIBUTION, ETC.
Place of publication, distribution, etc. Bahawalpur:
Name of publisher, distributor, etc. Urdu Ghar publications;
Date of publication, distribution, etc. 2014.
300 ## - PHYSICAL DESCRIPTION
Extent 317p.
563 ## - BINDING INFORMATION
Binding note HB
650 ## - SUBJECT ADDED ENTRY--TOPICAL TERM
Topical term or geographic name entry element Urdu novel
-- fiction
942 ## - ADDED ENTRY ELEMENTS (KOHA)
Source of classification or shelving scheme
Koha item type Book
650 ## - SUBJECT ADDED ENTRY--TOPICAL TERM
-- 123832
Holdings
Withdrawn status Lost status Source of classification or shelving scheme Materials specified (bound volume or other part) Damaged status Not for loan Permanent Location Current Location Date acquired Source of acquisition Total Checkouts Full call number Barcode Date last seen Price effective from Koha item type
      Donated by Mr. Faizan Mansoor BEE-13-C, SEECS 2021     Central Library (CL) Central Library (CL) 06/26/2024 Donation   891.4393 MOE CL-D-2622 06/26/2024 06/26/2024 Book
© 2023 Central Library, National University of Sciences and Technology. All Rights Reserved.